MARC

LEADER 00000nam0a2200000 4500
001 39887
005 20231031011841.0
035 |a (RuTPU)RU\TPU\book\40764 
090 |a 39887 
100 |a 20020415d1975 m y0rusy50 ca 
101 0 |a rus 
102 |a RU 
105 |a a j 001zy 
200 1 |a Операционное исчисление  |e учебное пособие  |f В. А. Диткин, А. П. Прудников 
205 |a 2-е изд., доп. 
210 |a Москва  |c Высшая школа  |d 1975 
215 |a 407 с.  |c ил. 
320 |a Библиогр.: с. 400-405 
453 1 |0 (RuTPU)RU\TPU\retro\23982  |t Операционное исчисление  |l Calcul Operationnel  |o [учебное пособие]  |f В. А. Диткин, А. П. Прудников  |c Москва  |n Мир  |d 1979  |p 439 с.  |a Диткин, Виталий Арсеньевич 
610 1 |a математика 
610 1 |a операционное исчисление 
610 1 |a функции комплексного переменного 
610 1 |a преобразование Лапласа 
610 1 |a теория 
610 1 |a учебные пособия 
675 |a 519.47(075.8)  |v 3 
675 |a 517.4(075.8)  |v 3 
700 1 |a Диткин  |b В. А.  |g Виталий Арсеньевич 
701 1 |a Прудников  |b А. П.  |g Анатолий Платонович 
801 1 |a RU  |b 63413507  |c 20020415  |g PSBO 
801 2 |a RU  |b 63413507  |c 20220214  |g PSBO 
942 |c BK